| 000 | 00956nam a2200265 a 4500 | ||
|---|---|---|---|
| 003 | (BD-SpBAUS) | ||
| 005 | 20250910133957.0 | ||
| 008 | 250910s2024 ii a|||| |||| 001 0 eng d | ||
| 020 | _a9798214038209 | ||
| 040 |
_aBD-SpBAUS _cBD-SpBAUS |
||
| 041 | _aeng | ||
| 082 |
_a515.35 _bZIF 2024 |
||
| 100 |
_aZill, Dennis G. _92172 |
||
| 245 |
_aA First Course in Differential Equations with Modeling Applications / _cDennis G. Zill ; Metric Version prepared by Aly El-Iraki. |
||
| 250 | _a12th ed. Metric Version | ||
| 260 |
_aBoston : _bCengage Learning, _cc2024 |
||
| 300 |
_aix, x, 403 pages, 64 variously numbered pages : _billustrations (chiefly color) ; _c29 cm. |
||
| 504 | _aInclude index and References | ||
| 650 |
_a Differential equations _92322 |
||
| 650 |
_aDifferential equations Textbooks _92323 |
||
| 650 | _aTextbooks | ||
| 700 |
_aEl-Iraki, Aly _92324 |
||
| 856 | _uhttps://search.worldcat.org/title/971589958 | ||
| 942 |
_2ddc _cBK _n0 |
||
| 999 |
_c949 _d949 |
||